| 000 | 00524nam a22001817a 4500 | ||
|---|---|---|---|
| 003 | CEME | ||
| 005 | 20210628203524.0 | ||
| 008 | 210120b xxu||||| |||| 00| 0 eng d | ||
| 020 | _a81-7808-969-6 | ||
| 040 | _c. | ||
| 082 | _a658.5 KAP | ||
| 100 |
_aKapoor, Satish K, Kansal, Purva _956885 |
||
| 245 | _aMarketing logistics, a supply chain approach | ||
| 260 |
_aINDIA _bPEARSON EDUCATION ASIA _c2003 |
||
| 300 | _aXVI,282P | ||
| 650 |
_aMARKETING.LOGISTICS SYSTEM.SUPPLY CHAIN MANAGEMENT _965999 |
||
| 942 |
_cBK _2ddc |
||
| 999 |
_c574054 _d574054 |
||